[Event "Gold Coast op"]
[Site "Gold Coast"]
[Date "1996.??.??"]
[Round "4"]
[White "Rogers, Ian"]
[Black "Nutu Gajic, Dana"]
[Result "1-0"]
[WhiteElo "2580"]
[BlackElo "2305"]
[PlyCount "99"]
[EventDate "1996.??.??"]
[EventType "swiss"]
[EventRounds "7"]
[EventCountry "AUS"]
[SourceTitle "EXT 2003"]
[Source "ChessBase"]
[SourceDate "2002.11.25"]
[SourceVersion "1"]
[SourceVersionDate "2002.11.25"]
[SourceQuality "1"]

1. d4 d5 2. c4 e6 3. Nc3 Nf6 4. cxd5 exd5 5. Bg5 Bb4 6. e3 0-0 7. Bd3 c5 8. Nge2 Nc6 9. 0-0 Bxc3 10. bxc3 h6 11. Bh4 g5 12. Bg3 Qe7 13. dxc5 Qxc5 14. Nd4 Ne4 15. Qc2 Nxg3 16. hxg3 Nxd4 17. exd4 Qd6 18. Rae1 Bg4 19. Re5 Rac8 20. Rfe1 Rc7 21. Bf5 Bxf5 22. Qxf5 Qd7 23. Qf3 Rd8 24. R1e3 Kg7 25. Qh5 Qd6 26. f4 Qg6 27. Qe2 gxf4 28. gxf4 Rdc8 29. Qd2 b5 30. Kh2 Kf8 31. Rg3 Qd6 32. Qc2 Re8 33. Qh7 Rxe5 34. dxe5 Qe6 35. Qh8+ Ke7 36. Qb8 Qb6 37. Qa8 Qc6 38. Qb8 Qb6 39. Qh8 Rd7 40. Rg8 Rd8 41. Rxd8 Qxd8 42. Qxh6 Qc7 43. Qf6+ Ke8 44. Qh8+ Kd7 45. f5 Qc4 46. Qh6 Qg4 47. Qd6+ Ke8 48. Qb8+ Ke7 49. Qc7+ Kf8 50. Qc8+ 1-0

[Event "Nadole zt (Women)"]
[Site "Nadole"]
[Date "1995.??.??"]
[Round "?"]
[White "Guzkowska, Magdalena"]
[Black "Nutu Gajic, Dana"]
[Result "1/2-1/2"]
[WhiteElo "2155"]
[BlackElo "2320"]
[PlyCount "97"]
[EventDate "1995.??.??"]
[EventType "swiss"]
[EventRounds "9"]
[EventCountry "POL"]
[SourceTitle "EXT 2001"]
[Source "ChessBase"]
[SourceDate "2000.11.22"]
[SourceVersion "1"]
[SourceVersionDate "2000.11.22"]
[SourceQuality "1"]

1. d4 Nf6 2. c4 e6 3. Nc3 d5 4. Nf3 Bb4 5. e3 0-0 6. a3 Bxc3+ 7. bxc3 c5 8. Bd3 dxc4 9. Bxc4 b6 10. Qe2 Bb7 11. 0-0 Nbd7 12. Bb2 Qc7 13. Nd2 e5 14. e4 Ne8 15. d5 Nd6 16. Bd3 Rae8 17. Bb5 Nxb5 18. Qxb5 a6 19. Qe2 Qd6 20. a4 f5 21. f3 Qg6 22. c4 a5 23. exf5 Rxf5 24. Ne4 Ba6 25. Rac1 Ref8 26. Rc2 h6 27. Bc1 R5f7 28. Bb2 Rd8 29. Qe1 Re7 30. Qg3 Qf5 31. Qh4 Nf6 32. Re1 Rdd7 33. Bc1 Ne8 34. Rc3 Rf7 35. g4 Qg6 36. Qg3 Rf8 37. Kh1 Re7 38. h4 Ref7 39. h5 Qh7 40. Qxe5 Bc8 41. Qg3 g5 42. hxg6 Qxg6 43. Kg2 Bd7 44. Qh4 Rh7 45. Ng3 Nd6 46. Qh5 Qb1 47. Ne4 Qa2+ 48. Nd2 Rf6 49. Re5 1/2-1/2

[Event "ROM-chT (Women)"]
[Site "Calarasi"]
[Date "1995.??.??"]
[Round "?"]
[White "Marin, Irina Luiza"]
[Black "Nutu Gajic, Dana"]
[Result "0-1"]
[WhiteElo "2261"]
[BlackElo "2320"]
[PlyCount "102"]
[EventDate "1995.??.??"]
[EventType "team"]
[EventRounds "9"]
[EventCountry "ROU"]
[SourceTitle "EXT 1999"]
[Source "ChessBase"]
[SourceDate "1998.11.16"]
[SourceVersion "1"]
[SourceVersionDate "1998.11.16"]
[SourceQuality "1"]

1. e4 c5 2. c3 Nf6 3. e5 Nd5 4. g3 e6 5. Bg2 d6 6. exd6 Bxd6 7. Nf3 Nc6 8. 0-0 0-0 9. d3 b6 10. Na3 Bb7 11. Nc4 Be7 12. a4 Qc7 13. Qe2 Rad8 14. Re1 h6 15. Bd2 Ba6 16. Rad1 Bf6 17. Nfe5 Nxe5 18. Nxe5 Bxe5 19. Qxe5 Qxe5 20. Rxe5 Nf6 21. a5 Bxd3 22. axb6 axb6 23. Bf4 g5 24. Bc1 Bc2 25. Rxd8 Rxd8 26. Re1 Bb3 27. f4 Nh7 28. fxg5 hxg5 29. h4 f6 30. hxg5 Nxg5 31. Bf4 Kf7 32. Bc7 Rd2 33. Bxb6 Bd5 34. Bxd5 exd5 35. Re3 c4 36. Bd4 Rxb2 37. Kf1 Ne4 38. Kg1 Kg6 39. Rf3 Rd2 40. g4 Rd3 41. Rf5 Nxc3 42. Rxf6+ Kg5 43. Bxc3 Rxc3 44. Rf5+ Kxg4 45. Rxd5 Kf3 46. Rf5+ Ke2 47. Re5+ Re3 48. Rc5 c3 49. Rc8 Rg3+ 50. Kh2 Rd3 51. Kg2 Kd2 0-1

[Event "Nadole zt (Women)"]
[Site "Nadole"]
[Date "1995.??.??"]
[Round "?"]
[White "Nutu Gajic, Dana"]
[Black "Vajda, Szidonia"]
[Result "1/2-1/2"]
[WhiteElo "2320"]
[BlackElo "2205"]
[PlyCount "96"]
[EventDate "1995.??.??"]
[EventType "swiss"]
[EventRounds "9"]
[EventCountry "POL"]
[SourceTitle "EXT 2001"]
[Source "ChessBase"]
[SourceDate "2000.11.22"]
[SourceVersion "1"]
[SourceVersionDate "2000.11.22"]
[SourceQuality "1"]

1. Nf3 d5 2. c4 e6 3. g3 f5 4. Bg2 Nf6 5. 0-0 Bd6 6. d4 c6 7. Qc2 0-0 8. Bf4 h6 9. Nbd2 Ne4 10. Bxd6 Qxd6 11. Ne5 Nd7 12. c5 Qc7 13. Nxd7 Bxd7 14. Nf3 Be8 15. Ne5 Nf6 16. b4 Ng4 17. Nxg4 fxg4 18. e4 Bg6 19. Qe2 h5 20. e5 Qe7 21. Qe3 h4 22. h3 gxh3 23. Bxh3 hxg3 24. fxg3 a5 25. Rxf8+ Kxf8 26. bxa5 Rxa5 27. a4 Be4 28. Qf4+ Kg8 29. Qh4 Qe8 30. Ra2 Ra8 31. Qg5 Qd7 32. a5 Rf8 33. Rf2 Rxf2 34. Kxf2 Qf7+ 35. Qf4 Qg6 36. Ke1 Bc2 37. Qh4 Bf5 38. Qd8+ Kh7 39. Qh4+ Kg8 40. Bf1 Bg4 41. Qd8+ Kh7 42. Qh4+ Kg8 43. Kd2 Bf5 44. Be2 Bb1 45. Ke1 Qc2 46. Kf2 Qb2 47. Qd8+ Kh7 48. Qh4+ Kg8 1/2-1/2

[Event "Nadole zt (Women)"]
[Site "Nadole"]
[Date "1995.??.??"]
[Round "6"]
[White "Repkova, Eva"]
[Black "Nutu Gajic, Dana"]
[Result "1-0"]
[WhiteElo "2250"]
[BlackElo "2320"]
[PlyCount "71"]
[EventDate "1995.??.??"]
[EventType "swiss"]
[EventRounds "9"]
[EventCountry "POL"]
[SourceTitle "EXT 1997"]
[Source "ChessBase"]
[SourceDate "1996.11.15"]
[SourceVersion "1"]
[SourceVersionDate "1996.11.15"]
[SourceQuality "1"]

1. e4 c5 2. Nf3 d6 3. d4 Nf6 4. Nc3 cxd4 5. Nxd4 Nc6 6. Bg5 e6 7. Qd2 a6 8. 0-0-0 Bd7 9. f4 b5 10. Qe1 Nxd4 11. Rxd4 Qb6 12. Qd2 Bc6 13. a3 a5 14. e5 dxe5 15. fxe5 Bc5 16. Rd3 Ng4 17. Nxb5 0-0 18. Rg3 Nxe5 19. a4 f6 20. Bh6 Rf7 21. Bf4 Rd7 22. Qe2 Rad8 23. Rb3 Bd5 24. Rg3 Bc4 25. Qh5 Rd5 26. Bxc4 Nxc4 27. Qg4 R8d7 28. Qe2 Qc6 29. b3 Ne5 30. Nc3 Ba3+ 31. Kb1 Rd4 32. Bxe5 fxe5 33. Qxe5 Bb4 34. Kb2 Rd2 35. Rf1 Rc7 36. Rxg7+ 1-0

[Event "Olympiad Women-31"]
[Site "Moscow"]
[Date "1994.12.13"]
[Round "12"]
[White "Nutu Gajic, Dana"]
[Black "Alexieva, Silvia"]
[Result "1/2-1/2"]
[WhiteElo "2345"]
[BlackElo "2265"]
[PlyCount "76"]
[EventDate "1994.12.01"]
[EventType "team-swiss"]
[EventRounds "14"]
[EventCountry "RUS"]
[SourceTitle "EXT 2019"]
[Source "ChessBase"]
[SourceDate "2018.10.10"]
[SourceVersion "1"]
[SourceVersionDate "2018.10.10"]
[SourceQuality "1"]
[WhiteTeam "Romania (W)"]
[BlackTeam "Bulgaria (W)"]
[WhiteTeamCountry "ROU"]
[BlackTeamCountry "BUL"]

1. d4 Nf6 2. c4 e6 3. Nf3 d5 4. Bg5 Be7 5. Nc3 h6 6. Bxf6 Bxf6 7. Qb3 dxc4 8. Qxc4 0-0 9. e4 b6 10. 0-0-0 Bb7 11. h4 g6 12. e5 Bg7 13. d5 exd5 14. Nxd5 Bxd5 15. Rxd5 Qe7 16. h5 c6 17. Rd6 Nd7 18. hxg6 Nxe5 19. gxf7+ Rxf7 20. Nxe5 Qxe5 21. Rd2 Qg5 22. Kc2 Re8 23. g3 b5 24. f4 Qf5+ 25. Qd3 Qc5+ 26. Kd1 Re3 27. Qg6 Qe7 28. Bd3 Rf6 29. Qh7+ Kf8 30. Bc2 c5 31. Rd5 Rd6 32. Qf5+ Bf6 33. Qc8+ Kg7 34. Qxc5 Rxd5+ 35. Qxd5 Qb4 36. Qd7+ Re7 37. Qf5 Qd4+ 38. Qd3 Re3 1/2-1/2

[Event "Timisoara (Women)"]
[Site "Timisoara"]
[Date "1994.??.??"]
[Round "4"]
[White "Grabuzova, Tatiana"]
[Black "Nutu Gajic, Dana"]
[Result "1-0"]
[WhiteElo "2380"]
[BlackElo "2345"]
[PlyCount "78"]
[EventDate "1994.??.??"]
[EventType "tourn"]
[EventRounds "13"]
[EventCountry "ROU"]
[EventCategory "2"]
[SourceTitle "EXT 1997"]
[Source "ChessBase"]
[SourceDate "1996.11.15"]
[SourceVersion "1"]
[SourceVersionDate "1996.11.15"]
[SourceQuality "1"]

1. d4 d5 2. c4 dxc4 3. Nf3 Nf6 4. Nc3 c6 5. a4 Bf5 6. e3 e6 7. Bxc4 Bb4 8. 0-0 0-0 9. Qe2 Nbd7 10. Ne5 Nb6 11. Bb3 a5 12. Rd1 Ne4 13. Na2 Be7 14. f3 Nf6 15. e4 Bg6 16. Be3 Nfd7 17. Nc3 Nxe5 18. dxe5 Qc7 19. f4 Nd7 20. Qf2 Bh5 21. Rd2 b6 22. h3 Nc5 23. Bc2 f5 24. exf6 gxf6 25. Qh4 Be8 26. f5 exf5 27. Bf4 Qb7 28. exf5 Kh8 29. Re1 Bf7 30. Rde2 Bd8 31. Bd6 Rg8 32. Re7 Bxe7 33. Rxe7 Nd7 34. Rxf7 Rg7 35. Rxg7 Kxg7 36. Qg4+ Kh8 37. Ne4 c5 38. Be7 Qc6 39. Nd6 Qd5 1-0

[Event "Timisoara (Women)"]
[Site "Timisoara"]
[Date "1994.??.??"]
[Round "8"]
[White "Jicman, Ligia Letitia"]
[Black "Nutu Gajic, Dana"]
[Result "0-1"]
[WhiteElo "2185"]
[BlackElo "2345"]
[PlyCount "60"]
[EventDate "1994.??.??"]
[EventType "tourn"]
[EventRounds "13"]
[EventCountry "ROU"]
[EventCategory "2"]
[SourceTitle "EXT 1997"]
[Source "ChessBase"]
[SourceDate "1996.11.15"]
[SourceVersion "1"]
[SourceVersionDate "1996.11.15"]
[SourceQuality "1"]

1. e4 c5 2. Nf3 d6 3. c3 Nf6 4. h3 Nc6 5. Bd3 d5 6. e5 Nd7 7. Bb5 e6 8. 0-0 a6 9. Bxc6 bxc6 10. d3 Be7 11. Re1 0-0 12. Nbd2 a5 13. Nf1 Ba6 14. Ng3 c4 15. d4 Rb8 16. Rb1 c5 17. Be3 Rb7 18. Qc2 cxd4 19. Bxd4 Nc5 20. Bxc5 Bxc5 21. Nd4 Qh4 22. Qd2 Bb5 23. Nf3 Qxg3 24. b4 axb4 25. cxb4 Bb6 26. Qc2 Qg6 27. Qd1 Qd3 28. Qc1 Ra7 29. Rd1 Qe2 30. Rb2 Bxf2+ 0-1

[Event "ROM-chT"]
[Site "Romania"]
[Date "1994.??.??"]
[Round "?"]
[White "Litynska, Marta"]
[Black "Nutu Gajic, Dana"]
[Result "1-0"]
[WhiteElo "2290"]
[BlackElo "2330"]
[PlyCount "137"]
[EventDate "1994.??.??"]
[EventType "team"]
[EventRounds "10"]
[EventCountry "ROU"]
[SourceTitle "EXT 1997"]
[Source "ChessBase"]
[SourceDate "1996.11.15"]
[SourceVersion "1"]
[SourceVersionDate "1996.11.15"]
[SourceQuality "1"]

1. d4 d5 2. c4 dxc4 3. e4 Nf6 4. e5 Nd5 5. Bxc4 Nb6 6. Bb3 Nc6 7. Ne2 Bg4 8. Nbc3 e6 9. a3 Bxe2 10. Nxe2 Qd7 11. Be3 Na5 12. Ba2 Nac4 13. Qc2 Qb5 14. Rb1 c5 15. 0-0 Rc8 16. Qe4 Nxe3 17. Qxe3 Be7 18. Nc3 cxd4 19. Qxd4 Qc5 20. Qe4 Qc6 21. Qg4 0-0 22. Rbc1 Nd7 23. Nd5 Qxc1 24. Nxe7+ Kh8 25. Nxc8 Qxc8 26. Qd4 Qc7 27. f4 Nb6 28. f5 Rd8 29. fxe6 fxe6 30. Bxe6 h6 31. Qe4 Qc5+ 32. Kh1 Qb5 33. Rg1 Re8 34. Qg6 Qc6 35. Bf5 Qxg6 36. Bxg6 Rxe5 37. Rd1 Nd7 38. h3 Re7 39. b4 Kg8 40. Kh2 Nf8 41. Rd8 Re3 42. a4 b6 43. Ra8 a5 44. bxa5 bxa5 45. Bb1 Ra3 46. Be4 Kf7 47. Rxa5 Kf6 48. Rf5+ Ke7 49. a5 Ne6 50. Bb7 Nd8 51. Bf3 Ne6 52. Rd5 Nc7 53. Rc5 Ne6 54. Re5 Kf6 55. Rd5 Ng5 56. Bg4 Nf7 57. Bc8 Ke7 58. Rd7+ Kf6 59. a6 Ne5 60. Rc7 g5 61. a7 h5 62. Rb7 g4 63. Rb6+ Kf7 64. Ra6 g3+ 65. Kg1 Rc3 66. Kf1 Rxc8 67. a8Q Rxa8 68. Rxa8 Ng6 69. Ra3 1-0

[Event "ROM-ch (Women)"]
[Site "Romania"]
[Date "1994.??.??"]
[Round "?"]
[White "Nutu Gajic, Dana"]
[Black "Baciu, Anca Otilia"]
[Result "1-0"]
[WhiteElo "2345"]
[BlackElo "2155"]
[PlyCount "69"]
[EventDate "1994.??.??"]
[EventType "tourn"]
[EventRounds "13"]
[EventCountry "ROU"]
[SourceTitle "EXT 1997"]
[Source "ChessBase"]
[SourceDate "1996.11.15"]
[SourceVersion "1"]
[SourceVersionDate "1996.11.15"]
[SourceQuality "1"]

1. d4 d5 2. c4 e6 3. Nf3 Be7 4. Nc3 Nf6 5. Bg5 h6 6. Bxf6 Bxf6 7. Qb3 c5 8. dxc5 d4 9. Ne4 0-0 10. 0-0-0 Nc6 11. e3 e5 12. exd4 exd4 13. Bd3 b6 14. cxb6 axb6 15. Nxf6+ Qxf6 16. Kb1 Bf5 17. a3 Rfc8 18. Bxf5 Qxf5+ 19. Qd3 Qc5 20. Rhe1 Ra4 21. Rc1 Rd8 22. Re4 f6 23. Re6 Ne5 24. Nxe5 fxe5 25. Qb3 Raa8 26. Qxb6 Qf8 27. Rxe5 Qxf2 28. Qe6+ Kh8 29. Re2 Qf8 30. Qe7 Qf5+ 31. Qe4 Qc5 32. Qd3 Rab8 33. Rce1 Qb6 34. Ka2 Kg8 35. g4 1-0

[Event "ROM-chT"]
[Site "Romania"]
[Date "1994.??.??"]
[Round "?"]
[White "Nutu Gajic, Dana"]
[Black "Cosma, Elena Luminita"]
[Result "0-1"]
[WhiteElo "2330"]
[BlackElo "2310"]
[PlyCount "54"]
[EventDate "1994.??.??"]
[EventType "team"]
[EventRounds "10"]
[EventCountry "ROU"]
[SourceTitle "EXT 1997"]
[Source "ChessBase"]
[SourceDate "1996.11.15"]
[SourceVersion "1"]
[SourceVersionDate "1996.11.15"]
[SourceQuality "1"]

1. d4 d5 2. c4 e6 3. Nc3 c6 4. e4 dxe4 5. Nxe4 Bb4+ 6. Bd2 Qxd4 7. Bxb4 Qxe4+ 8. Be2 Nd7 9. Nf3 b6 10. Nd2 Qf4 11. Bf3 Ne5 12. Be4 f5 13. g3 Qh6 14. Nf3 Nxf3+ 15. Bxf3 Bd7 16. Qd6 0-0-0 17. Bxc6 Ne7 18. Bxd7+ Rxd7 19. Qe5 Nc6 20. Qb5 Nd4 21. Qa4 Nf3+ 22. Ke2 Nd4+ 23. Ke1 Qh5 24. Kf1 Qh3+ 25. Ke1 Qg2 26. Rf1 Qe4+ 27. Kd2 Nb3+ 0-1

[Event "Crudim"]
[Site "Chrudim"]
[Date "1994.??.??"]
[Round "4"]
[White "Nutu Gajic, Dana"]
[Black "Korenova, Martina"]
[Result "1-0"]
[WhiteElo "2330"]
[BlackElo "2210"]
[PlyCount "123"]
[EventDate "1994.??.??"]
[EventType "tourn"]
[EventRounds "11"]
[EventCountry "CZE"]
[EventCategory "1"]
[SourceTitle "EXT 1997"]
[Source "ChessBase"]
[SourceDate "1996.11.15"]
[SourceVersion "1"]
[SourceVersionDate "1996.11.15"]
[SourceQuality "1"]

1. d4 Nf6 2. c4 g6 3. Nc3 Bg7 4. e4 d6 5. Nf3 0-0 6. Be2 e5 7. 0-0 Nc6 8. d5 Ne7 9. b4 Ne8 10. c5 f5 11. Nd2 Nf6 12. Bc4 Kh8 13. Bb2 Bh6 14. exf5 gxf5 15. Qe2 Ng6 16. g3 Qe7 17. Nb3 f4 18. Rfe1 fxg3 19. fxg3 Bg4 20. Qc2 Nh4 21. Nd4 Qg7 22. Ne6 Bxe6 23. dxe6 Nf3+ 24. Kh1 Nxe1 25. Rxe1 Ng4 26. Nd1 Qf6 27. Qe4 Bd2 28. Rg1 Qg6 29. Qxb7 Qc2 30. Bb3 Qd3 31. h3 Rab8 32. Qg2 Ne3 33. Nxe3 Bxe3 34. Rd1 Qf5 35. cxd6 cxd6 36. e7 Rfe8 37. g4 Qf2 38. Qxf2 Bxf2 39. Kg2 Bh4 40. Rxd6 Rxe7 41. Rd5 Bf6 42. b5 h6 43. a4 Kg7 44. Ba3 Reb7 45. Kf3 Rc8 46. Rd3 Rbc7 47. Bb4 Be7 48. Ba5 Rc1 49. Ke4 Rb1 50. Be6 Rf8 51. Kxe5 Bf6+ 52. Ke4 Re8 53. Kd5 Ra1 54. Bc7 Rxa4 55. Bd7 Re1 56. Bc6 Ree4 57. Bb8 Reb4 58. Ke6 a6 59. Rf3 Re4+ 60. Bxe4 Rxe4+ 61. Kd5 Rd4+ 62. Kc5 1-0

[Event "Crudim"]
[Site "Chrudim"]
[Date "1994.??.??"]
[Round "2"]
[White "Nutu Gajic, Dana"]
[Black "Maskova, Jana"]
[Result "0-1"]
[WhiteElo "2330"]
[BlackElo "2220"]
[PlyCount "80"]
[EventDate "1994.??.??"]
[EventType "tourn"]
[EventRounds "11"]
[EventCountry "CZE"]
[EventCategory "1"]
[SourceTitle "EXT 1997"]
[Source "ChessBase"]
[SourceDate "1996.11.15"]
[SourceVersion "1"]
[SourceVersionDate "1996.11.15"]
[SourceQuality "1"]

1. d4 Nf6 2. c4 g6 3. Nc3 Bg7 4. e4 d6 5. Nf3 0-0 6. Be2 e5 7. Be3 Ng4 8. Bg5 f6 9. Bd2 Nh6 10. 0-0 Nc6 11. dxe5 dxe5 12. Be3 Be6 13. Qc1 Nf7 14. Rd1 Qc8 15. Nd5 Re8 16. c5 Ncd8 17. h3 c6 18. Nc3 f5 19. exf5 gxf5 20. Qc2 f4 21. Bd2 Bxh3 22. gxh3 Qxh3 23. Ne4 Qg4+ 24. Kh1 Re6 25. Rg1 Rh6+ 26. Nh2 Qxe2 27. Rg2 Ne6 28. Rag1 Rd8 29. f3 Qxf3 30. Nf6+ Kh8 31. Nfg4 Rh5 32. Bc3 Nd4 33. Bxd4 Rxd4 34. Nf6 Bxf6 35. Qe2 Rxh2+ 36. Kxh2 Ng5 37. Kh1 Qxe2 38. Rxe2 e4 39. Reg2 h6 40. Rg4 f3 0-1

[Event "ROM-ch (Women)"]
[Site "Romania"]
[Date "1994.??.??"]
[Round "?"]
[White "Nutu Gajic, Dana"]
[Black "Olarasu, Gabriela"]
[Result "1-0"]
[WhiteElo "2345"]
[BlackElo "2290"]
[PlyCount "75"]
[EventDate "1994.??.??"]
[EventType "tourn"]
[EventRounds "13"]
[EventCountry "ROU"]
[SourceTitle "EXT 1997"]
[Source "ChessBase"]
[SourceDate "1996.11.15"]
[SourceVersion "1"]
[SourceVersionDate "1996.11.15"]
[SourceQuality "1"]

1. d4 f5 2. Nf3 Nf6 3. Bg5 Ne4 4. Bf4 e6 5. Nbd2 Be7 6. e3 0-0 7. h4 Nxd2 8. Qxd2 d6 9. Bd3 Nd7 10. e4 Nf6 11. e5 Nd5 12. Bg5 c5 13. exd6 Qxd6 14. 0-0-0 cxd4 15. Bxe7 Qxe7 16. Bc4 d3 17. Bxd5 dxc2 18. Rde1 Rd8 19. Qa5 Qd6 20. Bb3 Qf4+ 21. Kxc2 Bd7 22. Kb1 Kh8 23. Qe5 Qg4 24. Ng5 Re8 25. Nf7+ Kg8 26. Nd6 Re7 27. Nxf5 Rf7 28. Ne3 Qg6+ 29. Bc2 Qh6 30. Ng4 Qd2 31. Re2 Qb4 32. Qg5 Rf4 33. Ne5 Bb5 34. Re3 Rxf2 35. Rg3 Qf8 36. Rf3 Rxf3 37. Nxf3 Rc8 38. Bb3 1-0

[Event "ROM-ch (Women)"]
[Site "Romania"]
[Date "1994.??.??"]
[Round "?"]
[White "Nutu Gajic, Dana"]
[Black "Vajda, Szidonia"]
[Result "0-1"]
[WhiteElo "2345"]
[BlackElo "2235"]
[PlyCount "48"]
[EventDate "1994.??.??"]
[EventType "tourn"]
[EventRounds "13"]
[EventCountry "ROU"]
[SourceTitle "EXT 1997"]
[Source "ChessBase"]
[SourceDate "1996.11.15"]
[SourceVersion "1"]
[SourceVersionDate "1996.11.15"]
[SourceQuality "1"]

1. d4 Nf6 2. c4 c5 3. d5 b5 4. cxb5 a6 5. bxa6 Bxa6 6. Nc3 g6 7. e4 Bxf1 8. Kxf1 d6 9. g4 Bg7 10. Kg2 0-0 11. g5 Nh5 12. Nge2 f5 13. Ng3 f4 14. Nxh5 f3+ 15. Kf1 gxh5 16. Rg1 Nd7 17. g6 h6 18. Be3 Ne5 19. Qd2 Qc8 20. Bxh6 Qa6+ 21. Ke1 Nc4 22. Qg5 Bf6 23. Qxh5 Bxc3+ 24. Kd1 Ne5 0-1

[Event "Crudim"]
[Site "Chrudim"]
[Date "1994.??.??"]
[Round "5"]
[White "Voiska, Margarita"]
[Black "Nutu Gajic, Dana"]
[Result "1/2-1/2"]
[WhiteElo "2325"]
[BlackElo "2330"]
[PlyCount "21"]
[EventDate "1994.??.??"]
[EventType "tourn"]
[EventRounds "11"]
[EventCountry "CZE"]
[EventCategory "1"]
[SourceTitle "EXT 1997"]
[Source "ChessBase"]
[SourceDate "1996.11.15"]
[SourceVersion "1"]
[SourceVersionDate "1996.11.15"]
[SourceQuality "1"]

1. Nf3 c5 2. c4 Nc6 3. g3 g6 4. Bg2 Bg7 5. 0-0 e6 6. Nc3 Nge7 7. d3 0-0 8. Bf4 d6 9. Rc1 a6 10. Qd2 Rb8 11. Bh6 1/2-1/2

[Event "ROM-chT"]
[Site "Romania"]
[Date "1993.??.??"]
[Round "7"]
[White "Adoamnei, Roxana Antonela"]
[Black "Nutu Gajic, Dana"]
[Result "0-1"]
[WhiteElo "2075"]
[BlackElo "2355"]
[PlyCount "118"]
[EventDate "1993.??.??"]
[EventType "team"]
[EventRounds "9"]
[EventCountry "ROU"]
[SourceTitle "EXT 1998"]
[Source "ChessBase"]
[SourceDate "1997.11.17"]
[SourceVersion "1"]
[SourceVersionDate "1997.11.17"]
[SourceQuality "1"]

1. c4 c5 2. Nc3 Nc6 3. e3 e6 4. Nf3 Nf6 5. d4 d5 6. cxd5 exd5 7. dxc5 Bxc5 8. Be2 0-0 9. 0-0 a6 10. a3 b5 11. b4 Ba7 12. Ra2 Be6 13. Rd2 Qc7 14. Bb2 Rac8 15. Bd3 Bb8 16. Ne2 Bg4 17. Ng3 Ne4 18. Rc2 Qe7 19. Re1 Ne5 20. Rxc8 Rxc8 21. Be2 Nc4 22. Bxc4 dxc4 23. Nxe4 Qxe4 24. Qd4 Qxd4 25. Nxd4 c3 26. Bc1 Be5 27. f3 Be6 28. f4 Bf6 29. Nxe6 fxe6 30. Rd1 Kf7 31. Kf2 Ke7 32. Ke2 e5 33. fxe5 Bxe5 34. g3 Ke6 35. Rd3 g5 36. e4 g4 37. Rd5 c2 38. Kd3 Rc3+ 39. Kd2 Rc4 40. Kd3 h5 41. Rc5 Rxc5 42. bxc5 Kd7 43. Be3 c1Q 44. Bxc1 Kc6 45. Kc2 Bd4 46. Bd2 Bxc5 47. Kb3 Bg1 48. Kb4 Bxh2 49. Be1 h4 50. gxh4 g3 51. Kb3 g2 52. Bf2 g1Q 53. Bxg1 Bxg1 54. a4 Bd4 55. h5 Bg7 56. Kb4 Bf8+ 57. Kb3 b4 58. Kc4 a5 59. Kd4 Kd6 0-1

[Event "Timisoara zt-B (Women)"]
[Site "Timisoara"]
[Date "1993.??.??"]
[Round "1"]
[White "Nutu Gajic, Dana"]
[Black "Baciu, Anca Otilia"]
[Result "1-0"]
[WhiteElo "2355"]
[BlackElo "2160"]
[PlyCount "43"]
[EventDate "1993.??.??"]
[EventType "tourn"]
[EventRounds "9"]
[EventCountry "ROU"]
[EventCategory "1"]
[SourceTitle "TD"]
[Source "ChessBase"]
[SourceDate "1994.03.01"]
[SourceVersion "1"]
[SourceVersionDate "1994.03.01"]
[SourceQuality "1"]

1. d4 d5 2. c4 e6 3. Nc3 Be7 4. Nf3 Nf6 5. Bg5 h6 6. Bxf6 Bxf6 7. Qb3 dxc4 8. Qxc4 0-0 9. e4 b6 10. 0-0-0 Bb7 11. h4 c5 12. e5 Be7 13. d5 exd5 14. Nxd5 Bxd5 15. Rxd5 Qc8 16. Bd3 Nc6 17. Qe4 f5 18. exf6 Rxf6 19. Qh7+ Kf7 20. Bc4 b5 21. Rd8+ bxc4 22. Qg8+ 1-0

[Event "Timisoara zt-B (Women)"]
[Site "Timisoara"]
[Date "1993.??.??"]
[Round "6"]
[White "Nutu Gajic, Dana"]
[Black "Cosma, Elena Luminita"]
[Result "1-0"]
[WhiteElo "2355"]
[BlackElo "2230"]
[PlyCount "123"]
[EventDate "1993.??.??"]
[EventType "tourn"]
[EventRounds "9"]
[EventCountry "ROU"]
[EventCategory "1"]
[SourceTitle "TD"]
[Source "ChessBase"]
[SourceDate "1994.03.01"]
[SourceVersion "1"]
[SourceVersionDate "1994.03.01"]
[SourceQuality "1"]

1. d4 d5 2. c4 e6 3. Nc3 c6 4. e4 dxe4 5. Nxe4 Bb4+ 6. Bd2 Qxd4 7. Bxb4 Qxe4+ 8. Be2 Nd7 9. Nf3 b6 10. Nd2 Qf4 11. Bf3 Ne5 12. Be4 Bb7 13. Bc3 f6 14. g3 Qg4 15. Bxe5 Qxd1+ 16. Rxd1 fxe5 17. c5 Nf6 18. 0-0 0-0-0 19. Bg2 Kc7 20. Rfe1 Rd4 21. Nf3 Rxd1 22. Rxd1 Rd8 23. Rxd8 Kxd8 24. Nxe5 Kc7 25. b4 bxc5 26. bxc5 Nd7 27. Nxd7 Kxd7 28. f4 Ba6 29. Kf2 Bc4 30. a3 Bd5 31. Bh3 Ke7 32. Ke3 Kf6 33. Kd4 h6 34. Bf1 g5 35. fxg5+ hxg5 36. Bh3 Bf3 37. Bf1 Bd5 38. h3 e5+ 39. Ke3 Be6 40. Bg2 Bd7 41. h4 gxh4 42. gxh4 Be8 43. Bf3 Ke6 44. h5 Bxh5 45. Bxh5 Kd5 46. Bf3+ Kxc5 47. Kd3 Kb5 48. Kc3 c5 49. Bd5 Ka5 50. Bc6 Kb6 51. Be4 Ka5 52. Bd3 Kb6 53. Kc4 Kc6 54. Bc2 a6 55. Bg6 Kb6 56. Kd5 e4 57. Bxe4 Kb5 58. Bc2 Ka5 59. Kc4 Kb6 60. Bd3 Ka5 61. Kb3 Kb6 62. Ka4 1-0

[Event "Timisoara zt-B (Women)"]
[Site "Timisoara"]
[Date "1993.??.??"]
[Round "8"]
[White "Nutu Gajic, Dana"]
[Black "Velcheva, Maria"]
[Result "1-0"]
[WhiteElo "2355"]
[BlackElo "2150"]
[PlyCount "81"]
[EventDate "1993.??.??"]
[EventType "tourn"]
[EventRounds "9"]
[EventCountry "ROU"]
[EventCategory "1"]
[SourceTitle "TD"]
[Source "ChessBase"]
[SourceDate "1994.03.01"]
[SourceVersion "1"]
[SourceVersionDate "1994.03.01"]
[SourceQuality "1"]

1. d4 d5 2. c4 c6 3. cxd5 cxd5 4. Bf4 Nc6 5. e3 Nf6 6. Nc3 e6 7. Bd3 Bd6 8. Bxd6 Qxd6 9. f4 Nd7 10. Nf3 f5 11. 0-0 0-0 12. a3 Nf6 13. Ne5 Ne4 14. Rc1 Bd7 15. Nxe4 fxe4 16. Bb5 Rac8 17. Bxc6 Bxc6 18. Qb3 b6 19. Rc3 Bd7 20. Rfc1 Rxc3 21. Rxc3 Rc8 22. Rxc8+ Bxc8 23. Qb5 Qe7 24. h3 Kf8 25. Kh2 Qc7 26. Qe2 g6 27. Qd2 Bd7 28. g4 a5 29. g5 Be8 30. Kg3 Kg7 31. h4 h5 32. gxh6+ Kxh6 33. Kh3 Kh7 34. Qf2 a4 35. Qe1 Qc8 36. h5 Qc7 37. hxg6+ Bxg6 38. Qh4+ Kg7 39. Qg5 Kf8 40. Qxg6 b5 41. Qf6+ 1-0

[Event "ROM-chT"]
[Site "Romania"]
[Date "1993.??.??"]
[Round "3"]
[White "Peptan, Corina Isabela"]
[Black "Nutu Gajic, Dana"]
[Result "1/2-1/2"]
[WhiteElo "2355"]
[BlackElo "2355"]
[PlyCount "28"]
[EventDate "1993.??.??"]
[EventType "team"]
[EventRounds "9"]
[EventCountry "ROU"]
[SourceTitle "EXT 1998"]
[Source "ChessBase"]
[SourceDate "1997.11.17"]
[SourceVersion "1"]
[SourceVersionDate "1997.11.17"]
[SourceQuality "1"]

1. e4 c5 2. c3 d5 3. exd5 Qxd5 4. d4 e6 5. Nf3 Nf6 6. Bd3 Be7 7. 0-0 0-0 8. Qe2 Nc6 9. Na3 Qh5 10. dxc5 Bxc5 11. Nc4 b6 12. Bf4 Ba6 13. Nce5 Bxd3 14. Qxd3 Nxe5 1/2-1/2